[Event "Oberliga Baden 2223"]
[Site "Germany"]
[Date "2022.10.09"]
[Round "2.4"]
[White "Postoev Birkenberg, Alexander"]
[Black "Kuehn, Peter"]
[Result "0-1"]
[WhiteElo "2290"]
[BlackElo "2345"]
[PlyCount "80"]
[EventDate "2022.09.18"]
[EventType "team-tourn"]
[EventRounds "9"]
[EventCountry "GER"]
[SourceTitle "EXT 2024"]
[Source "ChessBase"]
[SourceDate "2023.10.10"]
[SourceVersion "1"]
[SourceVersionDate "2023.10.10"]
[SourceQuality "1"]
[WhiteTeam "Hockenheim"]
[BlackTeam "Baden-Baden III"]
[WhiteTeamCountry "GER"]
[BlackTeamCountry "GER"]

1. d4 d5 2. c4 c6 3. Nf3 Nf6 4. Nc3 a6 5. e3 b5 6. b3 Bg4 7. Be2 e6 8. 0-0 Nbd7 9. a4 bxc4 10. bxc4 Bd6 11. Ba3 Qe7 12. Bxd6 Qxd6 13. c5 Qc7 14. a5 0-0 15. Na4 Bxf3 16. Bxf3 e5 17. Nb6 Rae8 18. Be2 Nb8 19. Ra4 Ne4 20. Qc2 exd4 21. exd4 Qf4 22. Bd3 Re6 23. g3 Qf3 24. Bxe4 Rxe4 25. Rb4 Rfe8 26. Qb1 h5 27. Nxd5 cxd5 28. Rb3 Qe2 29. Rxb8 Rxd4 30. Rxe8+ Qxe8 31. Re1 Qc8 32. Re7 h4 33. c6 Qxc6 34. Qf5 Qg6 35. Re8+ Kh7 36. Qc8 Qg4 37. Rh8+ Kg6 38. Qc6+ Qe6 39. Qc2+ Qe4 40. Qc6+ f6 0-1

[Event "Oberliga Baden 2223"]
[Site "Germany"]
[Date "2022.09.18"]
[Round "1.4"]
[White "Stemmler, Tim"]
[Black "Postoev Birkenberg, Alexander"]
[Result "0-1"]
[WhiteElo "1999"]
[BlackElo "2290"]
[PlyCount "126"]
[EventDate "2022.09.18"]
[EventType "team-tourn"]
[EventRounds "9"]
[EventCountry "GER"]
[SourceTitle "EXT 2024"]
[Source "ChessBase"]
[SourceDate "2023.10.10"]
[SourceVersion "1"]
[SourceVersionDate "2023.10.10"]
[SourceQuality "1"]
[WhiteTeam "Ladenburg"]
[BlackTeam "Hockenheim"]
[WhiteTeamCountry "GER"]
[BlackTeamCountry "GER"]

1. d4 d6 2. Nf3 Bg4 3. g3 Bxf3 4. exf3 d5 5. c3 e6 6. Be3 Bd6 7. Bd3 Nf6 8. Nd2 Nbd7 9. f4 c5 10. Nf3 Qb6 11. Qe2 0-0 12. Ne5 cxd4 13. cxd4 Rac8 14. 0-0 g6 15. Kg2 Rfd8 16. Rac1 Nb8 17. Rxc8 Rxc8 18. h4 Nc6 19. Rc1 Rc7 20. Nxc6 bxc6 21. Qc2 Ng4 22. h5 c5 23. hxg6 hxg6 24. dxc5 Nxe3+ 25. fxe3 Rxc5 26. Qd2 a5 27. Rxc5 Qxc5 28. Kf3 e5 29. fxe5 Bxe5 30. b3 Bc7 31. Kg2 Qd6 32. Qf2 Qe5 33. Kf3 Bb8 34. Qd2 Qa1 35. Kg2 Qe5 36. Kf3 Bc7 37. Qf2 f5 38. Kg2 Bb6 39. Kf3 Kg7 40. Qe2 Qa1 41. Kg2 Qc1 42. Kf2 Kf6 43. Qf3 Qd2+ 44. Be2 g5 45. a3 Ke5 46. b4 a4 47. b5 Qc3 48. Kg2 Qxa3 49. g4 Qxe3 50. Qxf5+ Kd6 51. Qf8+ Qe7 52. Qh6+ Kc5 53. Qc6+ Kb4 54. Bf3 Qe3 55. Qxd5 a3 56. Qa2 Qg1+ 57. Kh3 Qf1+ 58. Bg2 Qd3+ 59. Kh2 Bc7+ 60. Kg1 Qe3+ 61. Kf1 Bg3 62. Qb1+ Ka5 63. b6 Qf2# 0-1

[Event "Oberliga Baden 1718"]
[Site "Baden"]
[Date "2018.01.21"]
[Round "5.6"]
[White "Hauser, Carlos"]
[Black "Postoev Birkenberg, Alexander"]
[Result "1-0"]
[WhiteElo "2283"]
[BlackElo "2307"]
[PlyCount "83"]
[EventDate "2017.10.08"]
[EventType "team-tourn"]
[EventRounds "9"]
[EventCountry "GER"]
[SourceTitle "EXT 2019"]
[Source "ChessBase"]
[SourceDate "2018.10.10"]
[SourceVersion "1"]
[SourceVersionDate "2018.10.10"]
[SourceQuality "1"]
[WhiteTeam "Walldorf"]
[BlackTeam "Hockenheim II"]
[WhiteTeamCountry "GER"]
[BlackTeamCountry "GER"]

1. d4 g6 2. c4 Bg7 3. e4 d6 4. Nc3 e5 5. Be3 Nc6 6. d5 Nd4 7. Nge2 Nxe2 8. Bxe2 f5 9. f3 Nf6 10. Qd2 f4 11. Bf2 0-0 12. c5 Rf7 13. 0-0-0 Bf8 14. cxd6 cxd6 15. Kb1 Rg7 16. g4 a6 17. h4 b5 18. Bd3 Rb7 19. Rc1 Bd7 20. Ne2 Be7 21. Rc2 Qb8 22. Rhc1 Bd8 23. Nxf4 exf4 24. Qxf4 b4 25. Bd4 Ne8 26. e5 dxe5 27. Bxe5 Qa7 28. h5 Bb5 29. Be4 Rf7 30. hxg6 Rxf4 31. gxh7+ Qxh7 32. Bxh7+ Kxh7 33. Rh2+ Kg6 34. Bxf4 Nf6 35. d6 Nd5 36. Bd2 Bb6 37. Rh5 Bd3+ 38. Ka1 Nf6 39. Rg5+ Kf7 40. Bxb4 a5 41. Bd2 Rd8 42. Bxa5 1-0

[Event "Verbandsliga Nordbaden 1617"]
[Site "Baden"]
[Date "2017.01.22"]
[Round "5.2"]
[White "Haas, Stefan"]
[Black "Postoev Birkenberg, Alexander"]
[Result "1-0"]
[WhiteElo "2192"]
[BlackElo "2307"]
[PlyCount "67"]
[EventDate "2016.10.09"]
[EventType "team-tourn"]
[EventRounds "9"]
[EventCountry "GER"]
[SourceTitle "EXT 2022"]
[Source "ChessBase"]
[SourceDate "2021.10.06"]
[SourceVersion "1"]
[SourceVersionDate "2021.10.06"]
[SourceQuality "1"]
[WhiteTeam "Karlsruhe II"]
[BlackTeam "Hockenheim II"]
[WhiteTeamCountry "GER"]
[BlackTeamCountry "GER"]

1. d4 e6 2. e4 d5 3. Nd2 a6 4. Ngf3 Be7 5. Bd3 Nf6 6. 0-0 b6 7. Re1 Bb7 8. exd5 exd5 9. Ne5 0-0 10. Ndf3 c5 11. Bg5 c4 12. Bf5 g6 13. Bh3 Ne4 14. Bxe7 Qxe7 15. Nd2 Qc7 16. c3 Kg7 17. g3 f6 18. Ng4 f5 19. Ne5 Nd7 20. Nxd7 Qxd7 21. Nf3 Rae8 22. Ne5 Qb5 23. Qc1 Re7 24. f3 Nd6 25. Qd2 Rf6 26. Re2 Bc8 27. Rae1 Qa4 28. a3 h6 29. Ng4 Rxe2 30. Qxh6+ Kf7 31. Qh7+ Ke6 32. Rxe2+ Ne4 33. Nxf6 Qd1+ 34. Bf1 1-0

[Event "Verbandsliga Nordbaden 1617"]
[Site "Baden"]
[Date "2016.11.20"]
[Round "3.2"]
[White "Heinrich, Thomas"]
[Black "Postoev Birkenberg, Alexander"]
[Result "0-1"]
[WhiteElo "2215"]
[BlackElo "2307"]
[PlyCount "60"]
[EventDate "2016.10.09"]
[EventType "team-tourn"]
[EventRounds "9"]
[EventCountry "GER"]
[SourceTitle "EXT 2022"]
[Source "ChessBase"]
[SourceDate "2021.10.06"]
[SourceVersion "1"]
[SourceVersionDate "2021.10.06"]
[SourceQuality "1"]
[WhiteTeam "Tauberbischofsheim"]
[BlackTeam "Hockenheim II"]
[WhiteTeamCountry "GER"]
[BlackTeamCountry "GER"]

1. Nf3 d6 2. d4 Bg4 3. e4 Nf6 4. Nc3 Nbd7 5. Be2 e5 6. dxe5 dxe5 7. Be3 Bb4 8. Qd3 Qe7 9. 0-0 c6 10. Nd1 Nc5 11. Bxc5 Bxc5 12. Ne3 Rd8 13. Qb3 Be6 14. Qa4 0-0 15. Nd1 b5 16. Qa6 Bc8 17. Qxc6 a6 18. b4 Bxb4 19. Qb6 Bc5 20. Qa5 Nxe4 21. a4 Bb4 22. Qb6 Rd6 23. Qe3 Nd2 24. Nxd2 Bxd2 25. Qb3 b4 26. a5 Bb7 27. Nb2 Rg6 28. g3 Bc3 29. Rad1 Qh4 30. Bc4 Qxh2+ 0-1

[Event "Verbandsliga Nordbaden 1516"]
[Site "Baden"]
[Date "2015.10.25"]
[Round "2.2"]
[White "Postoev Birkenberg, Alexander"]
[Black "Dudek, Richard"]
[Result "1-0"]
[WhiteElo "2307"]
[BlackElo "2251"]
[PlyCount "120"]
[EventDate "2015.09.27"]
[EventType "team-tourn"]
[EventRounds "9"]
[EventCountry "GER"]
[SourceTitle "EXT 2022"]
[Source "ChessBase"]
[SourceDate "2021.10.06"]
[SourceVersion "1"]
[SourceVersionDate "2021.10.06"]
[SourceQuality "1"]
[WhiteTeam "Hockenheim II"]
[BlackTeam "Eppingen II"]
[WhiteTeamCountry "GER"]
[BlackTeamCountry "GER"]

1. Nf3 Nf6 2. g3 b6 3. Bg2 Bb7 4. 0-0 e6 5. d3 d5 6. Nbd2 Be7 7. Re1 0-0 8. e4 c5 9. e5 Nfd7 10. h4 Nc6 11. Nf1 f5 12. exf6 Rxf6 13. Bg5 Rg6 14. Bxe7 Qxe7 15. Ng5 Qd6 16. Ne3 Rf8 17. Nh3 Nd4 18. c3 Nf5 19. Nxf5 Rxf5 20. h5 Rgf6 21. g4 Re5 22. Rxe5 Nxe5 23. d4 Nc4 24. g5 Rf5 25. Qg4 Bc8 26. dxc5 bxc5 27. Rd1 Ne5 28. Qe2 Ba6 29. Qe3 Ng4 30. Qg3 Qxg3 31. fxg3 Ne3 32. Re1 Nxg2 33. Kxg2 Bc8 34. g4 Rf8 35. Kg3 Re8 36. g6 hxg6 37. hxg6 Rf8 38. Nf4 Rf6 39. g5 Rf8 40. Rh1 Bd7 41. Rh7 Rf5 42. Kg4 e5 43. Nxd5 Rf6+ 44. Kh5 Rf2 45. Nf6+ gxf6 46. Rxd7 Rh2+ 47. Kg4 Rg2+ 48. Kf3 Rxg5 49. Rxa7 Rxg6 50. b4 f5 51. b5 e4+ 52. Kf4 Re6 53. Ra6 Re8 54. Rg6+ Kf7 55. Kxf5 e3 56. Rg1 Ke7 57. Ke5 Kd7+ 58. Kd5 e2 59. Re1 Re3 60. c4 Rd3+ 1-0

[Event "Oberliga Baden 1314"]
[Site "Germany"]
[Date "2014.01.19"]
[Round "5.3"]
[White "Postoev Birkenberg, Alexander"]
[Black "Schuh, Hubert"]
[Result "1-0"]
[WhiteElo "2311"]
[BlackElo "2308"]
[PlyCount "85"]
[EventDate "2013.10.13"]
[EventType "team-tourn"]
[EventRounds "9"]
[EventCountry "GER"]
[SourceTitle "EXT 2015"]
[Source "ChessBase"]
[SourceDate "2014.11.20"]
[SourceVersion "1"]
[SourceVersionDate "2014.11.20"]
[SourceQuality "1"]
[WhiteTeam "Hockenheim"]
[BlackTeam "Kuppenheim"]
[WhiteTeamCountry "GER"]
[BlackTeamCountry "GER"]

1. e4 c5 2. Nf3 d6 3. c3 Nf6 4. Bd3 g6 5. Bc2 Bg7 6. 0-0 Bg4 7. Re1 Nc6 8. d3 Bxf3 9. Qxf3 0-0 10. Qe2 b5 11. Be3 Nd7 12. Nd2 a5 13. Nf3 b4 14. Ba4 Qc7 15. d4 bxc3 16. bxc3 Rfb8 17. Rab1 Nb6 18. Bb5 Na7 19. dxc5 dxc5 20. c4 Rd8 21. Bd2 Nc6 22. Bxc6 Qxc6 23. Rb5 Bd4 24. Reb1 Nc8 25. Bxa5 Rd7 26. e5 Rda7 27. Qd2 Kg7 28. a3 e6 29. Nxd4 cxd4 30. Bb4 Qxc4 31. Rc5 Qa6 32. Qxd4 Ne7 33. Rbc1 Nf5 34. Qf4 h5 35. Qg5 Rd7 36. Qf6+ Kh7 37. R5c3 Rad8 38. h3 Qe2 39. Bd6 Qd2 40. Rc8 Rxc8 41. Rxc8 Ng7 42. Rf8 Rxd6 43. Rxf7 1-0

[Event "Oberliga Baden 1314"]
[Site "Germany"]
[Date "2013.11.24"]
[Round "3.1"]
[White "Postoev Birkenberg, Alexander"]
[Black "Kaczmarczyk, Dennis"]
[Result "1/2-1/2"]
[WhiteElo "2310"]
[BlackElo "2355"]
[PlyCount "80"]
[EventDate "2013.10.13"]
[EventType "team-tourn"]
[EventRounds "9"]
[EventCountry "GER"]
[SourceTitle "EXT 2015"]
[Source "ChessBase"]
[SourceDate "2014.11.20"]
[SourceVersion "1"]
[SourceVersionDate "2014.11.20"]
[SourceQuality "1"]
[WhiteTeam "Hockenheim"]
[BlackTeam "Waldshut"]
[WhiteTeamCountry "GER"]
[BlackTeamCountry "GER"]

1. e4 e6 2. d4 d5 3. e5 c5 4. Qg4 cxd4 5. Nf3 Nc6 6. Bd3 Nge7 7. 0-0 Nf5 8. a3 h5 9. Qf4 g6 10. h4 Bh6 11. Qh2 Bg7 12. Bf4 a5 13. Nbd2 Qb6 14. b3 Bd7 15. Rfe1 Nce7 16. a4 Rc8 17. Bg5 Nc6 18. Bf6 Bxf6 19. exf6 Qc7 20. Ne5 Nxe5 21. Rxe5 Qd8 22. Rae1 Qxf6 23. Nf3 0-0 24. Qf4 Kg7 25. Bxf5 exf5 26. Re7 Rfe8 27. Rxd7 Rxe1+ 28. Nxe1 Qe6 29. Qxd4+ Kg8 30. Qxd5 Qxe1+ 31. Kh2 Rf8 32. Qd4 Rb8 33. Qd6 Rc8 34. Qd5 Rf8 35. Qc5 b6 36. Qxb6 Qe4 37. Qxa5 Qf4+ 38. Kg1 Qc1+ 39. Kh2 Qf4+ 40. Kg1 Qc1+ 1/2-1/2

[Event "Verbandsliga Nord Baden 1213"]
[Site "Baden"]
[Date "2013.04.21"]
[Round "9.2"]
[White "Tschann, Stephan"]
[Black "Postoev Birkenberg, Alexander"]
[Result "1/2-1/2"]
[WhiteElo "2230"]
[BlackElo "2310"]
[PlyCount "25"]
[EventDate "2012.10.21"]
[EventType "team-tourn"]
[EventRounds "9"]
[EventCountry "GER"]
[SourceTitle "EXT 2014"]
[Source "ChessBase"]
[SourceDate "2013.11.20"]
[SourceVersion "1"]
[SourceVersionDate "2013.11.20"]
[SourceQuality "1"]
[WhiteTeam "Slavija KA"]
[BlackTeam "Hockenheim II"]
[WhiteTeamCountry "GER"]
[BlackTeamCountry "GER"]

1. Nf3 Nf6 2. c4 e6 3. g3 b6 4. Bg2 Bb7 5. 0-0 Be7 6. b3 c5 7. Bb2 d6 8. Nc3 0-0 9. e3 Nbd7 10. d4 cxd4 11. exd4 a6 12. Qe2 Re8 13. Rfe1 1/2-1/2

[Event "Verbandsliga Nord Baden 1213"]
[Site "Baden"]
[Date "2012.10.21"]
[Round "1.3"]
[White "Postoev Birkenberg, Alexander"]
[Black "Babutzka, Jens Matthias"]
[Result "1-0"]
[WhiteElo "2310"]
[BlackElo "2242"]
[PlyCount "77"]
[EventDate "2012.10.21"]
[EventType "team-tourn"]
[EventRounds "9"]
[EventCountry "GER"]
[SourceTitle "EXT 2014"]
[Source "ChessBase"]
[SourceDate "2013.11.20"]
[SourceVersion "1"]
[SourceVersionDate "2013.11.20"]
[SourceQuality "1"]
[WhiteTeam "Hockenheim II"]
[BlackTeam "Walldorf"]
[WhiteTeamCountry "GER"]
[BlackTeamCountry "GER"]

1. d4 d5 2. Nf3 Nf6 3. c4 c6 4. Nc3 e6 5. e3 Nbd7 6. Bd3 Be7 7. 0-0 0-0 8. b3 Re8 9. Bb2 Bd6 10. Qc2 dxc4 11. Bxc4 Qc7 12. e4 e5 13. Ng5 Re7 14. f4 exd4 15. Ne2 Bc5 16. Nxd4 Bxd4+ 17. Bxd4 h6 18. e5 hxg5 19. exf6 Nxf6 20. Bxf6 gxf6 21. Qg6+ Kf8 22. Qh6+ Kg8 23. Qg6+ Kf8 24. Qxf6 Re4 25. Rad1 Bg4 26. Qh8+ Ke7 27. Qxa8 Bxd1 28. Rxd1 b5 29. Bxb5 Qb6+ 30. Kh1 Qd4 31. Qb7+ Kf8 32. Rf1 cxb5 33. fxg5 Qf2 34. Qc8+ Kg7 35. Qc3+ Qd4 36. Qf3 Qd5 37. Qf6+ Kh7 38. Qh6+ Kg8 39. g6 1-0

[Event "Verbandsliga Nord Baden 1112"]
[Site "Germany"]
[Date "2012.01.29"]
[Round "5.2"]
[White "Postoev Birkenberg, Alexander"]
[Black "Maehrlein, Christoph"]
[Result "1-0"]
[WhiteElo "2330"]
[BlackElo "2175"]
[PlyCount "85"]
[EventDate "2011.10.09"]
[EventType "team-tourn"]
[EventRounds "9"]
[EventCountry "GER"]
[SourceTitle "EXT 2013"]
[Source "ChessBase"]
[SourceDate "2012.11.22"]
[SourceVersion "1"]
[SourceVersionDate "2012.11.22"]
[SourceQuality "1"]
[WhiteTeam "Hockenheim II"]
[BlackTeam "Pforzheim"]
[WhiteTeamCountry "GER"]
[BlackTeamCountry "GER"]

1. d4 Nf6 2. Bg5 e6 3. Nf3 h6 4. Bh4 d5 5. e3 Nc6 6. Nbd2 Be7 7. c3 0-0 8. Bd3 Re8 9. Qc2 Nd7 10. Bg3 f5 11. a3 Bd6 12. c4 dxc4 13. Nxc4 Nf6 14. 0-0 Bxg3 15. hxg3 Re7 16. b4 Qe8 17. b5 Nd8 18. Nce5 Bd7 19. Rab1 Rc8 20. Rfc1 c6 21. Qa4 cxb5 22. Qxa7 Rxc1+ 23. Rxc1 Bc6 24. Qa5 Nf7 25. Rb1 Nd6 26. Qb4 Nfe4 27. Nh4 g5 28. Nhg6 Rg7 29. Nxc6 bxc6 30. Ne5 Nf7 31. Rc1 c5 32. Qxb5 Qxb5 33. Bxb5 Nxe5 34. dxe5 Rc7 35. Rc2 Kf7 36. g4 Rc8 37. gxf5 exf5 38. Bd7 Rd8 39. Bxf5 Rd1+ 40. Kh2 Nd2 41. Rxc5 h5 42. Rc7+ Kf8 43. e6 1-0

[Event "Bundesliga 1112"]
[Site "Germany"]
[Date "2011.12.11"]
[Round "7.8"]
[White "Postoev Birkenberg, Alexander"]
[Black "Babula, Vlastimil"]
[Result "0-1"]
[WhiteElo "2330"]
[BlackElo "2572"]
[PlyCount "58"]
[EventDate "2011.10.14"]
[EventType "team-tourn"]
[EventRounds "15"]
[EventCountry "GER"]
[SourceTitle "CBM 146"]
[Source "ChessBase"]
[SourceDate "2012.01.18"]
[SourceVersion "1"]
[SourceVersionDate "2012.01.18"]
[SourceQuality "1"]
[WhiteTeam "Hockenheim"]
[BlackTeam "Werder Bremen"]
[WhiteTeamCountry "GER"]
[BlackTeamCountry "GER"]

1. d4 Nf6 2. c4 e6 3. Nf3 Bb4+ 4. Nbd2 0-0 5. g3 d5 6. Bg2 dxc4 7. Qc2 a5 8. a4 b6 9. 0-0 Bb7 10. Rd1 Na6 11. e3 Rc8 12. Nxc4 Be4 13. Qe2 Qd5 14. Bd2 Rfd8 15. Rac1 Qb7 16. Nce5 Bxd2 17. Rxd2 h6 18. Ne1 Bxg2 19. Nxg2 c5 20. dxc5 Nxc5 21. Rc4 Rxd2 22. Qxd2 Qd5 23. Qd4 Qa8 24. b4 axb4 25. h3 Rd8 26. Qb2 Nfe4 27. Rd4 b3 28. Nc6 Rxd4 29. exd4 Nxa4 0-1

[Event "Verbandsliga Nord Baden 1112"]
[Site "Germany"]
[Date "2011.11.27"]
[Round "3.2"]
[White "Postoev Birkenberg, Alexander"]
[Black "Haas, Michael"]
[Result "1/2-1/2"]
[WhiteElo "2309"]
[BlackElo "2191"]
[PlyCount "87"]
[EventDate "2011.10.09"]
[EventType "team-tourn"]
[EventRounds "9"]
[EventCountry "GER"]
[SourceTitle "EXT 2013"]
[Source "ChessBase"]
[SourceDate "2012.11.22"]
[SourceVersion "1"]
[SourceVersionDate "2012.11.22"]
[SourceQuality "1"]
[WhiteTeam "Hockenheim II"]
[BlackTeam "Walldorf"]
[WhiteTeamCountry "GER"]
[BlackTeamCountry "GER"]

1. Nf3 c5 2. e4 Nc6 3. Bb5 Nf6 4. Bxc6 dxc6 5. d3 g6 6. 0-0 Bg7 7. h3 0-0 8. Nc3 Qc7 9. Be3 b6 10. Qd2 Nd7 11. Bh6 Rd8 12. Bxg7 Kxg7 13. Qg5 Nf8 14. Nh4 Ne6 15. Qd2 Qf4 16. Qxf4 Nxf4 17. Rae1 c4 18. dxc4 Ba6 19. b3 b5 20. Nf3 bxc4 21. b4 c5 22. bxc5 Ne6 23. c6 Rac8 24. Rd1 Rxd1 25. Rxd1 Rxc6 26. Rd7 Rc7 27. Rxc7 Nxc7 28. Kf1 Nb5 29. Nxb5 Bxb5 30. Ke2 c3+ 31. Ke3 Bf1 32. Ne1 e5 33. h4 Kf6 34. g4 Ke6 35. Nd3 Kd6 36. g5 a6 37. f3 a5 38. a3 Bg2 39. Nf2 Bf1 40. Ng4 Ba6 41. Nf6 Kc5 42. Nd7+ Kd6 43. Nf6 Kc5 44. Nd7+ 1/2-1/2

[Event "Staufer op 23rd"]
[Site "Leinzell"]
[Date "2011.01.06"]
[Round "9"]
[White "Zeller, Frank"]
[Black "Postoev Birkenberg, Alexander"]
[Result "0-1"]
[WhiteElo "2445"]
[BlackElo "2309"]
[PlyCount "94"]
[EventDate "2011.01.02"]
[EventType "swiss"]
[EventRounds "9"]
[EventCountry "GER"]
[SourceTitle "CBM 140 Extra"]
[Source "ChessBase"]
[SourceDate "2011.03.01"]
[SourceVersion "1"]
[SourceVersionDate "2011.03.01"]
[SourceQuality "1"]

1. c4 Nf6 2. Nc3 g6 3. e4 d6 4. d4 Bg7 5. f3 c6 6. Be3 a6 7. e5 Nfd7 8. f4 c5 9. dxc5 dxe5 10. fxe5 Bxe5 11. Nf3 Bg7 12. Be2 Nc6 13. 0-0 0-0 14. Qb3 Qa5 15. Na4 e5 16. Rad1 Nd4 17. Nxd4 exd4 18. Bd2 Qc7 19. Bf4 Qa5 20. Bd6 Re8 21. Bf3 Re3 22. Qc2 Ne5 23. Nb6 Bf5 24. Qd2 Qxd2 25. Rxd2 Nxf3+ 26. gxf3 Rae8 27. Nd5 Bh3 28. Nxe3 dxe3 29. Re2 Bxf1 30. Kxf1 g5 31. b4 f5 32. b5 Bd4 33. Rg2 Kf7 34. Ke2 Kf6 35. c6 bxc6 36. bxc6 Ke6 37. c5 h6 38. h4 gxh4 39. Rg6+ Kd5 40. Rxh6 Rg8 41. c7 Rg2+ 42. Kf1 e2+ 43. Kxg2 e1Q 44. c8Q Qg1+ 45. Kh3 Qh1+ 46. Bh2 Qxf3+ 47. Kxh4 Qg4# 0-1

[Event "Staufer op 23rd"]
[Site "Leinzell"]
[Date "2011.01.02"]
[Round "1"]
[White "Waibel, Rainer"]
[Black "Postoev Birkenberg, Alexander"]
[Result "0-1"]
[WhiteElo "1872"]
[BlackElo "2309"]
[PlyCount "36"]
[EventDate "2011.01.02"]
[EventType "swiss"]
[EventRounds "9"]
[EventCountry "GER"]
[SourceTitle "CBM 140 Extra"]
[Source "ChessBase"]
[SourceDate "2011.03.01"]
[SourceVersion "1"]
[SourceVersionDate "2011.03.01"]
[SourceQuality "1"]

1. c4 Nf6 2. Nc3 Nc6 3. Nf3 e5 4. d4 exd4 5. Nxd4 Bb4 6. Nxc6 bxc6 7. Qd4 Qe7 8. Bg5 c5 9. Bxf6 cxd4 10. Bxe7 Kxe7 11. a3 Bxc3+ 12. bxc3 dxc3 13. Kd1 Ba6 14. e3 Rab8 15. c5 Bxf1 16. Rxf1 Rb2 17. Rc1 Ra2 18. Rb1 c2+ 0-1

[Event "BL2-Sued 1011"]
[Site "Germany"]
[Date "2010.11.14"]
[Round "3.5"]
[White "Thoma, Christian"]
[Black "Postoev Birkenberg, Alexander"]
[Result "1-0"]
[WhiteElo "2269"]
[BlackElo "2309"]
[PlyCount "45"]
[EventDate "2010.10.10"]
[EventType "team-tourn"]
[EventRounds "9"]
[EventCountry "GER"]
[SourceTitle "EXT 2012"]
[Source "ChessBase"]
[SourceDate "2011.11.24"]
[SourceVersion "1"]
[SourceVersionDate "2011.11.24"]
[SourceQuality "1"]
[WhiteTeam "Schmiden Cannstatt"]
[BlackTeam "Hockenheim"]
[WhiteTeamCountry "GER"]
[BlackTeamCountry "GER"]

1. e4 c5 2. Nf3 Nc6 3. d4 cxd4 4. Nxd4 Qb6 5. Nb3 Nf6 6. Nc3 e6 7. Bd3 d6 8. Be3 Qc7 9. f4 a6 10. Qf3 Be7 11. 0-0 h5 12. Rae1 Nd7 13. Nd4 Bf6 14. e5 dxe5 15. Nxc6 Qxc6 16. Ne4 Be7 17. Qg3 b5 18. Qxg7 Rf8 19. fxe5 Bb7 20. Bg5 Nc5 21. Bxe7 Kxe7 22. Nd6 Nxd3 23. Rxf7+ 1-0

[Event "Bodensee-Cup"]
[Site "Friedrichshafen"]
[Date "2010.05.07"]
[Round "1.10"]
[White "Postoev Birkenberg, Alexander"]
[Black "Wyss, Jonas"]
[Result "1/2-1/2"]
[WhiteElo "2339"]
[BlackElo "2281"]
[PlyCount "99"]
[EventDate "2010.05.07"]
[EventType "team-tourn"]
[EventRounds "3"]
[EventCountry "GER"]
[SourceTitle "EXT 2024"]
[Source "ChessBase"]
[SourceDate "2023.10.10"]
[SourceVersion "1"]
[SourceVersionDate "2023.10.10"]
[SourceQuality "1"]
[WhiteTeam "Baden"]
[BlackTeam "Schweiz"]
[WhiteTeamCountry "GER"]
[BlackTeamCountry "SUI"]

1. d4 f5 2. Nc3 Nf6 3. Bg5 d5 4. Bxf6 exf6 5. e3 Be6 6. Bd3 Nc6 7. a3 Qd7 8. h4 h5 9. Nh3 Ne7 10. Nf4 Bf7 11. Nb1 g6 12. Nd2 Bh6 13. g3 0-0-0 14. Qe2 Rhe8 15. Nb3 Qd6 16. Nc5 Kb8 17. 0-0-0 Nc8 18. Kb1 c6 19. Rc1 Nb6 20. Qd2 Ka8 21. Qb4 Re7 22. Be2 Nc8 23. Qb3 b6 24. Ncd3 c5 25. Bf3 Rb7 26. c4 Ne7 27. cxd5 cxd4 28. exd4 Kb8 29. Nb4 a5 30. Nbd3 Nxd5 31. Qb5 Qd7 32. Qc6 Rc7 33. Qxd7 Rcxd7 34. Rc6 Rd6 35. Rhc1 Rxc6 36. Rxc6 Nxf4 37. Rxb6+ Kc8 38. Rc6+ Kb8 39. Rb6+ Kc8 40. Rc6+ Kb8 41. gxf4 Rxd4 42. Nc5 Bd5 43. Nd7+ Kb7 44. Rd6 Kc7 45. Rxd5 Rxd5 46. Bxd5 Kxd7 47. Bf7 g5 48. fxg5 fxg5 49. hxg5 Bxg5 50. Bxh5 1/2-1/2

[Event "Oberliga Baden 0910"]
[Site "Germany"]
[Date "2010.03.21"]
[Round "8.5"]
[White "Postoev Birkenberg, Alexander"]
[Black "Schmidt, Horst"]
[Result "0-1"]
[WhiteElo "2343"]
[BlackElo "2173"]
[PlyCount "74"]
[EventDate "2009.10.18"]
[EventType "team-tourn"]
[EventRounds "9"]
[EventCountry "GER"]
[SourceTitle "EXT 2011"]
[Source "ChessBase"]
[SourceDate "2010.11.26"]
[SourceVersion "1"]
[SourceVersionDate "2010.11.26"]
[SourceQuality "1"]
[WhiteTeam "Hockenheim"]
[BlackTeam "Bad Mergentheim"]
[WhiteTeamCountry "GER"]
[BlackTeamCountry "GER"]

1. d4 Nf6 2. c4 d6 3. Nc3 Nbd7 4. g3 g6 5. Bg2 Bg7 6. e4 c6 7. Nge2 e5 8. 0-0 0-0 9. h3 Qb6 10. d5 cxd5 11. cxd5 Nc5 12. Rb1 a5 13. Be3 Bd7 14. Kh2 Qa6 15. Qd2 Qd3 16. Qxd3 Nxd3 17. Rfd1 Nb4 18. f4 Bh6 19. Bb6 Ra6 20. Bg1 exf4 21. Nxf4 Raa8 22. Bb6 a4 23. Rd4 Nc2 24. Rc4 Rfc8 25. Rxc8+ Rxc8 26. Rc1 Nb4 27. Rd1 Bg7 28. a3 Na6 29. Bd4 Nc5 30. e5 dxe5 31. Bxe5 Ng4+ 32. hxg4 Bxe5 33. Bf3 Nb3 34. Nfe2 h6 35. Kg2 Na5 36. d6 Nc4 37. Ne4 Ne3+ 0-1

[Event "Bad Liebenzell-A"]
[Site "Bad Liebenzell"]
[Date "2010.03.10"]
[Round "6"]
[White "Postoev Birkenberg, Alexander"]
[Black "Kasparov, Sergey"]
[Result "1/2-1/2"]
[WhiteElo "2343"]
[BlackElo "2487"]
[PlyCount "63"]
[EventDate "2010.03.05"]
[EventType "tourn"]
[EventRounds "9"]
[EventCountry "GER"]
[EventCategory "6"]
[SourceTitle "CBM 135 Extra"]
[Source "ChessBase"]
[SourceDate "2010.05.04"]
[SourceVersion "1"]
[SourceVersionDate "2010.05.04"]
[SourceQuality "1"]

1. d4 d5 2. c4 c6 3. Nf3 Nf6 4. Nc3 a6 5. g3 b5 6. b3 e6 7. Bg2 Nbd7 8. 0-0 Be7 9. Qd3 0-0 10. Rd1 bxc4 11. bxc4 a5 12. c5 Ba6 13. Qc2 Qc8 14. Rb1 Re8 15. Bf4 Nh5 16. Be3 Qc7 17. Qd2 Bf8 18. g4 Nhf6 19. Bf4 Qc8 20. h3 Ne4 21. Nxe4 dxe4 22. Ne5 Nxe5 23. Bxe5 f6 24. Bg3 f5 25. Qc2 g6 26. a4 Bg7 27. Rb6 Rd8 28. Bd6 Bf8 29. Be5 Bg7 30. Bd6 Bf8 31. Be5 Bg7 32. Bd6 1/2-1/2

[Event "Bad Liebenzell-A"]
[Site "Bad Liebenzell"]
[Date "2010.03.07"]
[Round "3"]
[White "Chatalbashev, Boris"]
[Black "Postoev Birkenberg, Alexander"]
[Result "1-0"]
[WhiteElo "2561"]
[BlackElo "2343"]
[PlyCount "43"]
[EventDate "2010.03.05"]
[EventType "tourn"]
[EventRounds "9"]
[EventCountry "GER"]
[EventCategory "6"]
[SourceTitle "CBM 135 Extra"]
[Source "ChessBase"]
[SourceDate "2010.05.04"]
[SourceVersion "1"]
[SourceVersionDate "2010.05.04"]
[SourceQuality "1"]

1. d4 Nf6 2. c4 g6 3. Nc3 Bg7 4. e4 d6 5. Bd3 0-0 6. Nge2 c5 7. d5 e6 8. 0-0 exd5 9. cxd5 Na6 10. Bg5 h6 11. Bh4 Bd7 12. f4 Qa5 13. Kh1 Rae8 14. Ng3 b5 15. a4 bxa4 16. e5 dxe5 17. fxe5 Ng4 18. e6 Ne3 19. Qf3 fxe6 20. Qxe3 Rxf1+ 21. Rxf1 exd5 22. Qf3 1-0